000 00867nam a22002297a 4500
999 _c10284
_d10284
003 AR-CdUCM
008 190329b ||||| |||| 00| 0 spa d
040 _aMUNICIPALIDAD PROVINCIAL DEL CUSCO
_cBIBLIOTECA MUNICIPAL DEL CUSCO
082 _25ed.
_aES / 800 /
_bC45
100 _aCervantes, Miguel de
_917829
245 _aLa gitanilla :
_bEl amante liberal /
260 _aEspaña :
_bAraluce,
_c1960.
300 _a131 paginas ;
_c15 cm.
440 _aColección araluce.
_927026
505 _aContenido :Preciosa -- El galán -- En casa del galán -- En el rancho de los gitanos -- Lo que contó un cautivo -- La esclava Cristina ...
650 _aLiteratura española
_9362
650 _aLiteratura universal
_9611
700 _aMorales, Maria Luz (Relatora)
_927059
700 _aSegrelli, José (ilustraciones)
_927060
942 _2ddc
_cLIBROS
945 _arum